| 000 | 00486nam a22001577a 4500 | ||
|---|---|---|---|
| 003 | SGT | ||
| 020 | _a9781639278626 | ||
| 082 |
_a615.32 _bH22S |
||
| 100 | _aSHARP, EVELYN | ||
| 245 | _aHERBAL MEDICINE AND AGING: POTENTIAL OF NATURAL TREATMENT FOR AGE- RELATED DISEASES | ||
| 260 |
_aUSA, _bAMERICAN MEDICAL PUB. _c2022 |
||
| 300 | _a235 | ||
| 650 | _aHERBAL MEDICINE | ||
| 653 | _aHERBAL ,MEDICINE , AGING, POTENTIAL , NATURAL ,TREATMENT , AGE, RELATED, DISEASES | ||
| 942 |
_2ddc _cBK |
||
| 999 |
_c29193 _d29193 |
||